[Event "St Chely d'Aubrac op 8th"]
[Site "St Chely d'Aubrac"]
[Date "2008.07.17"]
[Round "7"]
[White "Marie, Olivier"]
[Black "Robert, Thierry"]
[Result "1-0"]
[WhiteElo "1520"]
[BlackElo "1862"]
[PlyCount "107"]
[EventDate "2008.07.13"]
[EventType "swiss"]
[EventRounds "9"]
[EventCountry "FRA"]
[SourceTitle "CBM 125 Extra"]
[Source "ChessBase"]
[SourceDate "2008.09.01"]
[SourceVersion "1"]
[SourceVersionDate "2008.09.01"]
[SourceQuality "1"]

1. d4 Nf6 2. Nc3 e6 3. e4 d6 4. Nf3 Be7 5. Be2 Nc6 6. Bf4 Bd7 7. 0-0 0-0 8. Rc1 a6 9. e5 Ne8 10. Ne4 f6 11. exd6 Nxd6 12. Nxd6 cxd6 13. c3 e5 14. dxe5 dxe5 15. Bg3 Be6 16. Qc2 Rc8 17. Qb1 Qa5 18. a3 Kh8 19. h3 Rcd8 20. Bd1 f5 21. Bc2 e4 22. Rfe1 Bg8 23. Bh4 Bxh4 24. Nxh4 g5 25. b4 Qxa3 26. Nxf5 Rxf5 27. Bxe4 Re5 28. Re3 Qa2 29. Bxh7 Qxb1 30. Bxb1 Rxe3 31. fxe3 Bc4 32. Be4 Kg7 33. Bf3 Kf6 34. Kf2 Ne5 35. Kg3 Nc6 36. h4 gxh4+ 37. Kxh4 Rd3 38. e4 Ne5 39. Kg3 Kg5 40. Rc2 Bb3 41. Rc1 Nxf3 42. gxf3 Rd1 43. Rxd1 Bxd1 44. f4+ Kf6 45. Kf2 b6 46. Ke3 Ke6 47. Kd4 Kd6 48. f5 Bc2 49. e5+ Kd7 50. f6 Ke6 51. c4 Ba4 52. c5 b5 53. c6 Bb3 54. Kc5 1-0

[Event "Rhone op"]
[Site "Marcy Etoile"]
[Date "2007.04.02"]
[Round "2"]
[White "Bjarnason, Oskar"]
[Black "Robert, Thierry"]
[Result "1-0"]
[WhiteElo "2225"]
[BlackElo "1942"]
[PlyCount "145"]
[EventDate "2007.04.01"]
[EventType "swiss"]
[EventRounds "9"]
[EventCountry "FRA"]
[SourceTitle "CBM 117 Extra"]
[Source "ChessBase"]
[SourceDate "2007.05.09"]
[SourceVersion "1"]
[SourceVersionDate "2007.05.09"]
[SourceQuality "1"]

1. d4 Nf6 2. Nc3 d5 3. Bg5 e6 4. e4 dxe4 5. Nxe4 Be7 6. Bxf6 Bxf6 7. Nf3 Bd7 8. Bc4 Bc6 9. Qd3 Bd5 10. Bxd5 Qxd5 11. Nxf6+ gxf6 12. 0-0 Nd7 13. Qb3 Qxb3 14. axb3 a6 15. Ra5 Ke7 16. Rh5 Rag8 17. Re1 c6 18. Re3 Nf8 19. Nd2 Kd6 20. Nc4+ Kc7 21. Rf3 Nd7 22. Rh6 f5 23. Rfh3 Rg7 24. g3 b5 25. Ne3 Nf8 26. R3h5 Kd7 27. Kf1 Rg6 28. Ng2 Rxh6 29. Rxh6 Ng6 30. Ke2 Kd6 31. Nh4 Nxh4 32. Rxh4 Ke7 33. Rh6 Kf8 34. Rh4 Kg7 35. Kd3 Rd8 36. Kc3 a5 37. Rf4 Rd7 38. Rf3 Kf8 39. Rd3 Ke7 40. Rd1 Kd6 41. Ra1 Ra7 42. Kd3 f6 43. c4 b4 44. Ke3 e5 45. Rd1 Ke7 46. f4 e4 47. g4 Ke6 48. d5+ cxd5 49. cxd5+ Kd6 50. gxf5 Rc7 51. Rd2 Re7 52. Kd4 e3 53. Re2 Re8 54. Rxe3 Rxe3 55. Kxe3 Kxd5 56. Kd3 Kc5 57. Ke4 Kc6 58. Kf3 Kb5 59. Ke4 Kc6 60. Kd4 Kd6 61. h3 h6 62. Ke4 Kc6 63. Kf3 Kb5 64. Kg4 a4 65. bxa4+ Kxa4 66. Kh5 Kb3 67. Kg6 Kxb2 68. Kxf6 Ka2 69. Kg7 b3 70. f6 b2 71. f7 b1Q 72. f8Q Qg1+ 73. Kxh6 1-0